Introduction to general, organic, and biochemistry in the laboratory / (Record no. 358083)
[ view plain ]
| 000 -LEADER | |
|---|---|
| fixed length control field | 00454nam a2200145Ia 4500 |
| 008 - FIXED-LENGTH DATA ELEMENTS--GENERAL INFORMATION | |
| fixed length control field | 180627s9999 xx 000 0 und d |
| 020 ## - INTERNATIONAL STANDARD BOOK NUMBER | |
| International Standard Book Number | 981253170 |
| 100 ## - MAIN ENTRY--PERSONAL NAME | |
| Personal name | Hein, Morris |
| 245 ## - TITLE STATEMENT | |
| Statement of responsibility, etc | Morris Hein, Judith N. Peisen. |
| Title | Introduction to general, organic, and biochemistry in the laboratory / |
| 250 ## - EDITION STATEMENT | |
| Edition statement | 8th ed |
| 260 ## - PUBLICATION, DISTRIBUTION, ETC. (IMPRINT) | |
| Place of publication, distribution, etc | USA: |
| Name of publisher, distributor, etc | C&E Publishing: |
| Date of publication, distribution, etc | 2005 |
| 300 ## - PHYSICAL DESCRIPTION | |
| Extent | iii, 180 pages |
| 440 ## - SERIES STATEMENT/ADDED ENTRY--TITLE | |
| Volume number/sequential designation | vol 2. |
| 650 ## - SUBJECT ADDED ENTRY--TOPICAL TERM | |
| Topical term or geographic name as entry element | Chemistry -- Laboratory manuals. |
| Withdrawn status | Lost status | Damaged status | Home library | Current library | Shelving location | Date acquired | Source of acquisition | Total Checkouts | Full call number | Barcode | Date last seen | Price effective from | Koha item type |
|---|---|---|---|---|---|---|---|---|---|---|---|---|---|
| College Library | College Library | General Circulation Section | 06/27/2018 | QD 45 .H468 2005 v.2 | C21540 | 06/27/2018 | 06/27/2018 | Books |